000 01055nam a2200289Ia 4500
003 GCL
008 140319s9999 xx 000 0 ara d
040 _aGCL /
_cGCL
082 0 4 _a301.324
_bم ت
100 1 _aمحيى الدين صابر
245 1 0 _aالتغير الحضارى فى مجتمع افريقى دراسة انثروبولوجية لقبائل الازاندى (نيام نيام) /
_cمحيى الدين صابر
260 _a[S.N] :
_bالمكتبة العصرية للنشر والتوزيع ،
_c1987
300 _a636 ص
490 _a
650 0 4 _aالتنمية الاجتماعية
650 0 4 _aالسودان
650 0 4 _aالاحوال الثقافية
650 0 4 _aالانثربولوجيا
650 0 4 _aالتغير الاجتماعى
650 0 4 _aالقبائل
650 0 4 _aالهجرة الداخلية
650 0 4 _aالاجتماع، علم
650 0 4 _aالازاندى
650 0 4 _aنيام نيام
650 0 4 _aافريقيا - الاحوال الاجتماعية
942 _2ddc
_cBK
999 _c37500
_d37500